00734nam a2200181 a 450000100100000000500170001000800410002704000250006808200140009310000290010724500720013626000650020830000270027304900090030095201130030995201130042299900170053500003236820200930065614.0110714s1922 dr 000 0 spa d aDO-SdBNPbspacBNPHU axxxbM5161 aMejía, Felix E.95835810aAl rededor y en contra del plan Hughes-Peynado /cFelix E. Mejía. a[Santo Domingo] :bImprenta La Gran Libreria Selecta,c1922. axviii, 196p. ;c23 cm. aBNPD 00107-18PDaPDbPDcOId2011-07-14iLF1l0oxxx M516p32368-10r2020-06-25w2020-06-25yLFPDZNo se presta 00107-18PDaPDbPDcOId2011-07-14iLF1l0oxxx M516p32369-10r2020-06-25w2020-06-25yLFPDZNo se presta c31859d31859